| 000 | 00708nam a2200193Ia 4500 | ||
|---|---|---|---|
| 008 | 151121s9999||||xx |||||||||||||| ||und|| | ||
| 082 | _a811/सानेक | ||
| 082 | _bHNW-114426 | ||
| 100 | _aसानेकर चंद्रशेखर | ||
| 245 | _aएका शहराच्या खुंटीवर | ||
| 260 | _b"ग्रंथाली, मुंबई।" | ||
| 260 | _c2007 | ||
| 300 | _a72 | ||
| 600 | _aसानेकर चंद्रशेखर | ||
| 630 | _aएका शहराच्या खुंटीवर | ||
| 700 | _aसानेकर चंद्रशेखर | ||
| 730 | _aएका शहराच्या खुंटीवर | ||
| 942 | _cBOOK | ||
| 999 |
_c1263412 _d1263409 |
||